[Event "Elista ol (Men)"]
[Site "Elista"]
[Date "1998.10.10"]
[Round "11"]
[White "Ye Jiangchuan"]
[Black "Pinter, Jozsef"]
[Result "1-0"]
[WhiteElo "2510"]
[BlackElo "2595"]

1.e4 e5 2.Nf3 Nc6 3.Bc4 Bc5 4.c3 Nf6 5.d3 d6 6.Bb3 a6 7.Nbd2 Ba7 8.O-O O-O
9.h3 h6 10.Re1 Re8 11.Nf1 Be6 12.N3h2 Bxb3 13.axb3 Re6 14.Ng3 Qd7 15.Qf3 Kh8
16.Nf5 Rg8 17.b4 Bb6 18.Ng4 Nh7 19.Nge3 Bxe3 20.Bxe3 Rf6 21.Qg4 Rg6 22.Qf3 Rf6
23.Qd1 Ne7 24.Ng3 Nc6 25.Qb3 Qe6 26.Qa4 Rg6 27.b5 axb5 28.Qxb5 Rb8 29.d4 exd4
30.cxd4 Ne7 31.Ra7 c6 32.Qa5 Qc8 33.Ra1 Nf6 34.Nf5 Nfg8 35.Bf4 Qd7 36.g4 Re6
37.f3 Nxf5 38.gxf5 Ree8 39.Kh1 Ne7 40.Qd2 Ng8 41.Qh2 Rbd8 42.Rg1 f6 43.Qg3 Qe7
44.Rg2 Rd7 45.Ra1 Qf8 46.Rag1 b6 47.Ra1 Red8 48.Rc2 Ne7 49.Rg2 Ng8 50.Ra6 Rb7
51.Kh2 Qe7 52.Ra1 c5 53.d5 Qc7 54.Ra6 Qd7 55.Ra3 Qc7 56.b3 Qd7 57.Rga2 Ne7
58.Ra8 Nc8 59.Rg2 Qe8 60.Qh4 Qf8 61.Rga2 Kh7 62.Qg3 Kh8 63.Ra1 Qe7 64.R8a2 Qf8
65.Rg2 Rf7 66.Rag1 Qe7 67.Qh4 Rdf8 68.Rg6 b5 69.Qg3 c4 70.bxc4 bxc4 71.Bxh6  1-0

[Event "Elista ol (Men)"]
[Site "Elista"]
[Date "1998.10.11"]
[Round "12"]
[White "Nikolaidis, Ioannis"]
[Black "Ye Jiangchuan"]
[Result "1/2-1/2"]
[WhiteElo "2530"]
[BlackElo "2510"]

1.d4 Nf6 2.c4 g6 3.Nc3 Bg7 4.e4 d6 5.Bg5 O-O 6.Qd2 Na6 7.Nge2 e5 8.d5 Nc5
9.f3 c6 10.b4 Na6 11.a3 h6 12.Be3 cxd5 13.cxd5 Nc7 14.Ng3 h5 15.Bg5 Qe8 16.Bd3 Nh7
17.Bh6 Bxh6 18.Qxh6 Bd7 19.O-O Nb5 20.Nxb5 Bxb5 21.Bxb5 Qxb5 22.f4 exf4 23.Qxf4 Qb6+
24.Kh1 Rae8 25.Rad1 Re5 26.Rd3 Qd8 27.h4 Kg7 28.Rdf3 a6 29.Kh2 Ree8  1/2-1/2

[Event "Tan Chin Nam"]
[Site "Beijing"]
[Date "1998.??.??"]
[Round "5"]
[White "Lin Weiguo"]
[Black "Ye Jiangchuan"]
[Result "0-1"]
[WhiteElo "2460"]
[BlackElo "2530"]

1.d4 d6 2.e4 Nf6 3.Nc3 g6 4.Nf3 Bg7 5.Be2 O-O 6.O-O c6 7.a4 Qc7 8.Bf4 Nbd7
9.Qd2 e5 10.Bh6 Re8 11.Bxg7 Kxg7 12.Rfd1 a5 13.h3 h6 14.Bf1 Nb6 15.d5 cxd5
16.Nxd5 Nbxd5 17.exd5 Bd7 18.c4 Ne4 19.Qe3 Nc5 20.b3 f5 21.Rab1 Kh7 22.Re1 Rf8
23.Rb2 Rae8 24.Qc3 Rf7 25.Rbe2 Qb6 26.Rb2 f4 27.Kh1 Bf5 28.Nh4 Bd7 29.Nf3 Qd8
30.Kg1 Bf5 31.Qc1 g5 32.b4 axb4 33.Rxb4 g4 34.hxg4 Bxg4 35.Nd2 e4 36.Nxe4 Nxe4
37.Bd3 Bf5 38.Qb1 Qg5 39.Rxb7 Rxb7 40.Qxb7+ Re7 41.Qb1 f3 42.g3 Nxg3 43.Rxe7+ Kg6  0-1

[Event "Yangon schev"]
[Site "Yangon"]
[Date "1999.02.02"]
[Round "3"]
[White "Ye Jiangchuan"]
[Black "Mas, Hafizulhelmi"]
[Result "1-0"]
[WhiteElo "2564"]
[BlackElo "2401"]

1.e4 c5 2.Nf3 d6 3.c3 Nf6 4.Be2 Nc6 5.d4 cxd4 6.cxd4 Nxe4 7.d5 Qa5+ 8.Nc3 Ne5
9.O-O Nxc3 10.bxc3 Nxf3+ 11.Bxf3 Bd7 12.Be3 Rc8 13.Bd4 Rc7 14.Re1 Bb5 15.Qb1 Bc4
16.Qf5 h5 17.Rad1 Rh6 18.Be3 Rh8 19.Bf4 Qa3 20.Re3 Rd7 21.Rde1 Qc5 22.a4 b6
23.h3 Qc7 24.Bg5 Qc5 25.Bh4 Rh6 26.Bg5 Rh8 27.Bh4 Rh6 28.Qg5 f6 29.Qf5 e5
30.Bxh5+ Kd8 31.Bg4 Re7 32.Bg3 Bxd5 33.Rd1 Be6 34.Qe4 Bxg4 35.hxg4 Rd7 36.Red3 g5
37.Qa8+ Qc8 38.Qe4 Rc7 39.f3 Rxc3 40.Rxc3 Qxc3 41.Qa8+ Qc8 42.Qxa7 Qc7 43.Qa8+ Ke7
44.Bf2 Qc2 45.Qd5 f5 46.gxf5 Qxf5 47.Rc1 Kf6 48.Bxb6 Be7 49.Bd8 Qe6 50.Bxe7+ Kxe7
51.Rc7+ Kf6 52.Qa8 Kf5 53.g4+ Kf4 54.Qe4+ Kg3 55.Rc2 d5 56.Rg2+ Kh3 57.Qe1  1-0

[Event "Yangon schev"]
[Site "Yangon"]
[Date "1999.02.03"]
[Round "4"]
[White "Htun Htun Than"]
[Black "Ye Jiangchuan"]
[Result "0-1"]
[WhiteElo "2499"]
[BlackElo "2564"]

1.e4 c5 2.Nf3 Nc6 3.d4 cxd4 4.Nxd4 Qb6 5.Nb3 Nf6 6.Nc3 e6 7.Be2 Bb4 8.O-O O-O
9.Qd3 Bxc3 10.bxc3 d5 11.exd5 Nxd5 12.c4 Nde7 13.c5 Qb4 14.c4 Rd8 15.Qc2 Qa4
16.f4 Bd7 17.Rf3 Nf5 18.Bb2 Be8 19.Rh3 h6 20.Bf1 b6 21.cxb6 axb6 22.Qf2 Na5
23.g4 Ne7 24.g5 hxg5 25.fxg5 Ng6 26.Re1 Nxb3 27.axb3 Qb4 28.Bd3 Ra2 29.Rf1 Qc5
30.Qxc5 bxc5 31.Rf2 Bc6 32.Kf1 e5 33.Ke1 Nf4 34.Bh7+ Kf8 35.Rg3 g6 36.Bxe5 Rxf2
37.Kxf2 Nd3+  0-1

[Event "Yangon schev"]
[Site "Yangon"]
[Date "1999.02.06"]
[Round "7"]
[White "Ye Jiangchuan"]
[Black "Tin Htun Zaw"]
[Result "1-0"]
[WhiteElo "2564"]
[BlackElo "2509"]

1.e4 e5 2.Nf3 d6 3.d4 exd4 4.Nxd4 Nf6 5.Nc3 Be7 6.Be2 O-O 7.O-O a6 8.f4 Re8
9.Bf3 Bf8 10.Re1 Nbd7 11.Be3 c6 12.Bf2 g6 13.a4 Qc7 14.a5 Nc5 15.h3 Bh6 16.Bg3 d5
17.exd5 Rxe1+ 18.Qxe1 Bxf4 19.Bxf4 Qxf4 20.Rd1 cxd5 21.Nxd5 Nxd5 22.Bxd5 Bxh3
23.gxh3 Rd8 24.Nf3 Rf8 25.Kg2 Qf5 26.Rd2 Qc8 27.Qe7 Kg7 28.b4 Nd7 29.Be6  1-0

[Event "Yangon schev"]
[Site "Yangon"]
[Date "1999.02.07"]
[Round "8"]
[White "Wong Meng Kong"]
[Black "Ye Jiangchuan"]
[Result "0-1"]
[WhiteElo "2459"]
[BlackElo "2564"]

1.Nf3 Nf6 2.c4 g6 3.b3 Bg7 4.Bb2 O-O 5.e3 d6 6.d4 Nbd7 7.Be2 e5 8.dxe5 dxe5
9.O-O Qe7 10.Nc3 e4 11.Nd2 c6 12.Qc2 Re8 13.a3 a5 14.Na4 Rb8 15.c5 Ne5 16.Nxe4 Nxe4
17.Qxe4 Bf5 18.Qf4 Bd3 19.Rfe1 Bxe2 20.Rxe2 Qe6 21.Qe4 Qxb3 22.Qc2 Qe6 23.Rb1 Rbd8
24.Bc3 Nc4 25.Ra1 Bxc3 26.Qxc3 Qe5 27.Rc2 Qh5 28.h3 Ne5 29.Rb2 Rd1+ 30.Rxd1 Qxd1+
31.Kh2 Qxa4 32.Rb1 Qc4 33.Qxa5 Qe2 34.f4 Nf3+ 35.Kg3 Ne1  0-1

[Event "Yangon schev"]
[Site "Yangon"]
[Date "1999.02.08"]
[Round "9"]
[White "Ye Jiangchuan"]
[Black "Aung Thant Zin"]
[Result "1-0"]
[WhiteElo "2564"]
[BlackElo "2410"]

1.e4 c5 2.Nf3 Nc6 3.d4 cxd4 4.Nxd4 Nf6 5.Nc3 d6 6.Bg5 e6 7.Qd2 a6 8.O-O-O h6
9.Be3 Bd7 10.f4 Qc7 11.Kb1 Be7 12.Bd3 Nxd4 13.Bxd4 e5 14.Be3 b5 15.Rhf1 Bc6
16.Nd5 Nxd5 17.exd5 Bxd5 18.Bxb5+ axb5 19.Qxd5 O-O 20.fxe5 dxe5 21.Rd3 Qc4
22.b3 Qc8 23.Qxe5 Rxa2 24.Bc5 Re8 25.Re1 Kh7 26.c3 Qa6 27.Rg3 Ra1+ 28.Kc2 Ra2+
29.Kb1 Ra1+ 30.Kc2 Qa2+ 31.Kd3 Rd8+ 32.Bd4 Bf6 33.Rxg7+ Kh8 34.Qxf6 Rxd4+
35.Qxd4  1-0

[Event "Yangon schev"]
[Site "Yangon"]
[Date "1999.02.10"]
[Round "11"]
[White "Ye Jiangchuan"]
[Black "Nyee Nyee Zaw"]
[Result "1-0"]
[WhiteElo "2564"]
[BlackElo "2487"]

1.e4 c5 2.Nf3 d6 3.d4 cxd4 4.Nxd4 Nf6 5.Nc3 Bd7 6.Bg5 e6 7.Ndb5 Bc6 8.Bxf6 gxf6
9.Qh5 a6 10.Nd4 Bd7 11.Bc4 Qc8 12.Bb3 Qc5 13.Nf5 Nc6 14.Qh4 Be7 15.Nxe7 Kxe7
16.Qh3 b5 17.O-O Nd4 18.Rad1 b4 19.Na4 Bxa4 20.Bxa4 Rhg8 21.Kh1 Rg7 22.Qd3 e5
23.f4 Ne6 24.fxe5 fxe5 25.Qf3 Nd4 26.Qf6+ Kf8 27.Rd3 Qc7 28.c3 bxc3 29.bxc3 Nb5
30.Bb3 Qe7 31.Qh6 Kg8 32.a4 Nc7 33.Rdf3  1-0

[Event "Tan Chin Nam Cup 5th"]
[Site "Shenyang"]
[Date "1999.07.09"]
[Round "2"]
[White "Bu Xiangzhi"]
[Black "Ye Jiangchuan"]
[Result "0-1"]
[WhiteElo "2465"]
[BlackElo "2593"]

1.d4 Nf6 2.c4 g6 3.Nc3 Bg7 4.e4 d6 5.f3 O-O 6.Be3 e5 7.Nge2 c6 8.Qd2 Nbd7
9.O-O-O a6 10.Bh6 Bxh6 11.Qxh6 b5 12.h4 Qa5 13.g4 b4 14.Nb1 Nb6 15.dxe5 dxe5
16.Ng3 Qxa2 17.h5 Nxc4 18.Rh2 Na3 19.Bd3 Nxb1 20.hxg6 fxg6 21.g5 Rd8 22.gxf6 Ra7
23.Qg5 Rxd3 24.Rxd3 Qc4+ 25.Kxb1 Qxd3+ 26.Kc1 Rd7 27.f7+ Rxf7 28.Rd2 Qxf3
29.Rd8+ Rf8  0-1

[Event "Tan Chin Nam Cup 5th"]
[Site "Shenyang"]
[Date "1999.07.13"]
[Round "5"]
[White "Ye Jiangchuan"]
[Black "Sutovskij, Emil"]
[Result "1/2-1/2"]
[WhiteElo "2593"]
[BlackElo "2587"]

1.e4 c5 2.Nf3 d6 3.d4 cxd4 4.Nxd4 Nf6 5.Nc3 a6 6.Be3 Ng4 7.Bg5 h6 8.Bh4 g5
9.Bg3 Bg7 10.Be2 h5 11.Bxg4 hxg4 12.O-O Nc6 13.Nf5 Bxc3 14.bxc3 Qa5 15.Qxg4 f6
16.Qf3 Ne5 17.Qe3 Bxf5 18.exf5 Rc8 19.Qa7 Kf7 20.Qxb7 Rxc3 21.Rfd1 Qc5 22.Rd2 Qc6
23.Rb1 Rc8 24.h3 Rxc2 25.Qb3+ Qc4 26.Rxc2 Qxb3 27.Rxb3 Rxc2 28.Bxe5 fxe5
29.Ra3 Rc6 30.g4 Kf6 31.Kg2 e4 32.Ra5 Rc2 33.Kf1 Rc3 34.Kg2 Rc2 35.Kf1 Rc3  1/2-1/2

[Event "Tan Chin Nam Cup 5th"]
[Site "Shenyang"]
[Date "1999.07.14"]
[Round "6"]
[White "Peng Xiaomin"]
[Black "Ye Jiangchuan"]
[Result "1/2-1/2"]
[WhiteElo "2574"]
[BlackElo "2593"]

1.e4 c5 2.Nf3 e6 3.Nc3 d6 4.d4 cxd4 5.Nxd4 Nf6 6.g3 Nc6 7.Bg2 Bd7 8.O-O Be7
9.a4 O-O 10.Re1 h6 11.b3 a6 12.Nxc6 Bxc6 13.a5  1/2-1/2

[Event "Tan Chin Nam Cup 5th"]
[Site "Shenyang"]
[Date "1999.07.16"]
[Round "8"]
[White "Ye Jiangchuan"]
[Black "Krasenkow, Michal"]
[Result "1/2-1/2"]
[WhiteElo "2593"]
[BlackElo "2647"]

1.e4 c5 2.Nf3 Nc6 3.d4 cxd4 4.Nxd4 Nf6 5.Nc3 e5 6.Ndb5 d6 7.Bg5 a6 8.Na3 b5
9.Nd5 Be7 10.Bxf6 Bxf6 11.c3 Ne7 12.Nxf6+ gxf6 13.Nc2 Bb7 14.Bd3 d5 15.exd5 Qxd5
16.Ne3 Qe6 17.Qh5 O-O-O 18.Bc2 Kb8 19.Bb3 Qb6 20.Rd1 Ng6 21.O-O Nf4 22.Qxf7  1/2-1/2

[Event "World Cities-ch 2nd"]
[Site "Shenyang"]
[Date "1999.10.05"]
[Round "3"]
[White "Ye Jiangchuan"]
[Black "Kotsur, Pavel"]
[Result "1/2-1/2"]
[WhiteElo "2593"]
[BlackElo "2548"]

1.e4 c5 2.Nf3 e6 3.d4 cxd4 4.Nxd4 a6 5.Bd3 g6 6.O-O Bg7 7.Nf3 Ne7 8.c4 O-O
9.Nc3 Nbc6 10.Bf4 d5 11.exd5 exd5 12.c5 b6 13.cxb6 Qxb6 14.Na4 Qb4 15.Be3 Bg4
16.Be2 d4 17.a3 Qa5 18.Bd2 Qd5 19.h3 Bf5 20.Nh4 d3 21.Bf3 Qb5 22.Nxf5 Nxf5
23.Nc3 Qc5 24.b4 Qd6 25.Ne4 Qd8 26.Bg5 Qd4 27.Rc1 Ne5 28.Nc5 Nxf3+ 29.Qxf3 h6
30.Bd2 Qb2 31.Qxd3 Rfd8 32.Bc3  1/2-1/2

[Event "World Cities-ch 2nd"]
[Site "Shenyang"]
[Date "1999.10.06"]
[Round "4"]
[White "Dolmatov, Sergey"]
[Black "Ye Jiangchuan"]
[Result "1-0"]
[WhiteElo "2600"]
[BlackElo "2593"]

1.e4 c5 2.Nf3 d6 3.d4 cxd4 4.Nxd4 Nf6 5.Nc3 a6 6.Be2 e5 7.Nb3 Be7 8.Be3 O-O
9.g4 Be6 10.g5 Nfd7 11.h4 Nb6 12.f4 exf4 13.Bxf4 Nc6 14.Nd5 Bxd5 15.exd5 Ne5
16.Qd4 Rc8 17.O-O-O Nbc4 18.Nd2 b5 19.Nxc4 Nxc4 20.Bd3 Re8 21.Kb1 Ne5 22.Bxe5 dxe5
23.Qg4 e4 24.Bxe4 Rc4 25.Qg2 Bd6 26.Bd3 Ra4 27.c3 Re5 28.Rdf1 Qd7 29.Bc2 Rc4
30.Qf3 Qe7 31.a3 Re3 32.Qf5 g6 33.Qf6 Rg4 34.Qxe7 Rxe7 35.Rf6 Rd7 36.Bd1 Rg2
37.Bf3 Rg3 38.Rf1 Kg7 39.Ka2 h6 40.gxh6+ Kxh6 41.h5 Kg7 42.hxg6 Kxf6 43.Bg4+ Ke5
44.Bxd7 fxg6 45.Bc6 Bc5 46.b4 Be3 47.Rf8 Bd2 48.Re8+ Kd6 49.Rd8+ Ke5 50.d6 Bg5
51.Ra8 Kxd6 52.Rxa6 Rxc3 53.Bxb5+ Kc7 54.Rxg6 Bc1 55.a4 Ra3+ 56.Kb1 Bd2 57.Rc6+ Kb8
58.Rc4 Rf3 59.Kc2 Be1 60.Re4 Bg3  1-0

[Event "World Cities-ch 2nd"]
[Site "Shenyang"]
[Date "1999.10.06"]
[Round "5"]
[White "Ye Jiangchuan"]
[Black "Liu Dede"]
[Result "1-0"]
[WhiteElo "2593"]
[BlackElo "2388"]

1.e4 e5 2.Nf3 Nc6 3.Bb5 a6 4.Ba4 Nf6 5.O-O Be7 6.Re1 b5 7.Bb3 d6 8.c3 O-O
9.h3 h6 10.d4 Re8 11.Nbd2 Bf8 12.Nf1 Bd7 13.Ng3 exd4 14.cxd4 Na5 15.Bc2 c5
16.dxc5 dxc5 17.e5 Nh7 18.Bxh6 gxh6 19.Qd3 f5 20.Nxf5 Bxf5 21.Qxf5 Ra7 22.Rad1 Qc8
23.e6 Rg7 24.Rd7 Ree7 25.Red1 Nc6 26.h4 Nd4 27.Nxd4 cxd4 28.R1xd4 Qc6 29.g3 a5
30.Rg4 Nf6 31.Qxf6 Rxd7 32.Qf5 Rxg4 33.exd7 Rxg3+ 34.fxg3 Qc5+ 35.Kg2 Qxf5
36.Bxf5 Be7  1-0

[Event "World Cities-ch 2nd"]
[Site "Shenyang"]
[Date "1999.10.08"]
[Round "9"]
[White "Lochte, Thomas"]
[Black "Ye Jiangchuan"]
[Result "0-1"]
[WhiteElo "2227"]
[BlackElo "2593"]

1.e4 d6 2.d4 Nf6 3.Nc3 g6 4.Be2 Bg7 5.g4 h6 6.f4 c6 7.f5 Qa5 8.Bd2 Qb6 9.e5 dxe5
10.dxe5 Nfd7 11.Nf3 gxf5 12.e6 fxe6 13.gxf5 exf5 14.Nh4 Ne5 15.Bh5+ Kf8 16.Bf4 Bf6
17.Bxe5 Bxh4+ 18.Ke2 Rg8 19.Bd4 Qc7 20.Ne4 Nd7 21.Qc1 Bg5 22.Nxg5 hxg5 23.Qe3 Nf6
24.Bxf6 exf6 25.Qe8+ Kg7 26.Qg6+ Kh8 27.Qxf6+ Qg7 28.Qxg7+ Kxg7 29.Rad1 Be6
30.Rd6 Kf6 31.h4 g4 32.Rhd1 Ke7 33.Ke3 f4+ 34.Kxf4 Raf8+ 35.Kg3 Rf3+ 36.Kg2 Rf5  0-1

[Event "Asia-chT"]
[Site "Shenyang"]
[Date "1999.10.10"]
[Round "1"]
[White "Wang Rui"]
[Black "Ye Jiangchuan"]
[Result "1/2-1/2"]
[WhiteElo "2396"]
[BlackElo "2593"]

1.d4 d5 2.c4 e6 3.Nc3 Nf6 4.Bg5 Be7 5.e3 O-O 6.Nf3 b6 7.cxd5 exd5 8.Bd3 Bb7
9.O-O Ne4 10.Bxe7 Qxe7 11.Rc1 c5 12.dxc5 bxc5 13.Qc2 Nd7 14.Rfd1 f5  1/2-1/2

[Event "Asia-chT"]
[Site "Shenyang"]
[Date "1999.10.11"]
[Round "2"]
[White "Ye Jiangchuan"]
[Black "Hsu Li Yang"]
[Result "1/2-1/2"]
[WhiteElo "2593"]
[BlackElo "2441"]

1.e4 d5 2.exd5 Nf6 3.Nf3 Nxd5 4.d4 g6 5.Be2 Bg7 6.O-O O-O 7.Na3 c5 8.dxc5 Na6
9.Bc4 e6 10.Bg5 Qc7 11.Bxd5 exd5 12.c3 Nxc5 13.Be3 Be6 14.Bd4 Rac8 15.Bxg7 Kxg7
16.Nd4 Qb6 17.Rb1 a6 18.Nac2 Ne4 19.Qe2 Rfe8 20.f3 Nc5 21.Qf2 Kg8 22.Rfd1 Nd7
23.Ne3 Ne5 24.Ndc2 Nc4 25.a3 a5 26.Nxc4 Qxf2+ 27.Kxf2 dxc4 28.Nd4 Rc5 29.Re1 Bd7
30.Rxe8+ Bxe8 31.Re1 Bd7 32.Re7 Rd5 33.f4 Rd6 34.Re5 Rb6 35.Re2 Kg7 36.Ke3 Kf6
37.Rd2 h5 38.Nf3 Be6 39.Nd4 Bf5 40.Nf3 Be6 41.Ke4 Rb5 42.h3 Bf5+ 43.Ke3 Be6
44.Ng5 Bd5 45.Kd4 Bc6 46.Ke3 h4 47.Nf3 Bxf3 48.Kxf3 Kf5 49.a4 Rb6 50.Rd5+ Ke6
51.Rxa5 Kd6 52.f5 Rxb2 53.fxg6 fxg6 54.Rg5 Rb3 55.Rxg6+ Ke5 56.Rg5+ Kf6 57.Kg4 Rxc3
58.Kxh4 Ra3 59.a5 c3 60.Rc5 Ke6 61.g4 Kd6 62.Rc8 Kd5  1/2-1/2

[Event "Qingdao Daily Cup"]
[Site "Qingdao"]
[Date "1999.10.18"]
[Round "1"]
[White "Wang Shuo"]
[Black "Ye Jiangchuan"]
[Result "0-1"]
[WhiteElo "2411"]
[BlackElo "2593"]

1.e4 d6 2.d4 Nf6 3.Nc3 g6 4.f4 Bg7 5.Nf3 O-O 6.Be3 b6 7.Qd2 Bb7 8.Bd3 Na6
9.e5 Ng4 10.Bg1 c5 11.h3 cxd4 12.Bxd4 dxe5 13.Bxe5 Nxe5 14.Nxe5 Nc5 15.O-O-O Qc7
16.Nb5 Nxd3+ 17.Qxd3 Qc5 18.Nd7 Qb4 19.Qb3 Qxf4+ 20.Kb1 Bxg2 21.Rhg1 Rfd8
22.Rxg2 Rxd7 23.Rgg1 Rad8 24.c3 Qf5+  0-1

[Event "Qingdao Daily Cup"]
[Site "Qingdao"]
[Date "1999.10.19"]
[Round "3"]
[White "Dao Thien Hai"]
[Black "Ye Jiangchuan"]
[Result "1/2-1/2"]
[WhiteElo "2543"]
[BlackElo "2593"]

1.d4 Nf6 2.c4 g6 3.Nc3 Bg7 4.e4 d6 5.Be2 O-O 6.Bg5 Na6 7.Qd2 e5 8.d5 c6 9.f3 cxd5
10.cxd5 Bd7 11.g4 Qa5 12.Nh3 Rfc8 13.Nf2 Rab8 14.Nb5 Nb4 15.Na3 b6 16.O-O Nc2
17.Nxc2 Qxd2 18.Bxd2 Rxc2 19.Rfd1 Rxb2 20.Nd3 Rc2 21.Nb4 Rcc8 22.Ba6 Rc5
23.Bd3 Ba4 24.Rdb1 Ra8 25.Na6  1/2-1/2

[Event "Qingdao Daily Cup"]
[Site "Qingdao"]
[Date "1999.10.19"]
[Round "4"]
[White "Bu Xiangzhi"]
[Black "Ye Jiangchuan"]
[Result "1-0"]
[WhiteElo "2465"]
[BlackElo "2593"]

1.d4 Nf6 2.c4 e6 3.Nc3 d5 4.Bg5 Be7 5.e3 O-O 6.Nf3 h6 7.Bh4 b6 8.cxd5 exd5
9.Bd3 Bb7 10.Ne5 Nbd7 11.f4 c5 12.O-O a6 13.Qf3 cxd4 14.exd4 b5 15.a3 Nb6
16.Rae1 Rc8 17.g4 Rxc3 18.bxc3 Ne4 19.Bxe7 Qxe7 20.f5 Qxa3 21.f6 Nxf6 22.Qh3 Ne4
23.Bxe4 dxe4 24.g5 hxg5 25.Re3 Nd5 26.Ng6  1-0

[Event "Qingdao Daily Cup"]
[Site "Qingdao"]
[Date "1999.10.20"]
[Round "5"]
[White "Ye Jiangchuan"]
[Black "Iuldachev, Saidali"]
[Result "1/2-1/2"]
[WhiteElo "2593"]
[BlackElo "2491"]

1.e4 e5 2.Nf3 Nc6 3.Bb5 a6 4.Ba4 d6 5.c3 Bd7 6.d4 g6 7.O-O Bg7 8.d5 Nce7
9.Bxd7+ Qxd7 10.c4 f6 11.Nc3 Nh6 12.b4 Nf7 13.c5 O-O 14.Nd2 f5 15.Nc4 fxe4
16.Be3 Nf5 17.Nxe4 Rae8 18.a4 Nd4 19.cxd6 cxd6 20.Nb6 Qd8 21.a5 Kh8 22.Rc1 Bh6
23.Qd3 Qe7 24.Rc4 Nb5 25.Rfc1 Bf4 26.Nc8 Qd8 27.Bb6 Qh4 28.Ng3 e4 29.Qc2 Bxc1
30.Qxc1 Ne5 31.Rxe4 Qf6 32.Na7  1/2-1/2

[Event "4th Comtois It"]
[Site "Belfort FRA"]
[Date "1999.12.14"]
[Round "2"]
[White "Hauchard,A"]
[Black "Ye Jiangchuan"]
[Result "0-1"]
[WhiteElo "2518"]
[BlackElo "2593"]

1.d4 Nf6 2.c4 g6 3.Nc3 Bg7 4.e4 d6 5.Be2 O-O 6.Bg5 Na6 7.Qd2 e5 8.d5 c6 9.f3 cxd5
10.cxd5 Bd7 11.g4 h6 12.Be3 h5 13.h3 Nc5 14.O-O-O Qe8 15.Kb1 a5 16.Rc1 b6
17.Bd1 Qb8 18.Nge2 b5 19.Ng3 h4 20.Nf1 b4 21.Ne2 Qb5 22.Bxc5 dxc5 23.Bb3 Ne8
24.Qe3 Nd6 25.Nd2 Qa6 26.Bc4 Nxc4 27.Nxc4 Bb5 28.Qd3 Bh6 29.Rc2 a4 30.a3 Rab8
31.Ka1 Rfd8 32.d6 Rd7 33.Rd1 Rbd8 34.Qd5 b3 35.Rc3 Bxc4 36.Qxc4 Rxd6 37.Rb1 Qxc4
38.Rxc4 Rd3 39.Rxc5 Rxf3 40.Ng1 Rf2 41.Rxe5 Rdd2 42.Rd5 Rc2  0-1

[Event "4th Comtois It"]
[Site "Belfort FRA"]
[Date "1999.12.20"]
[Round "8"]
[White "Gurevich,M"]
[Black "Ye Jiangchuan"]
[Result "1/2-1/2"]
[WhiteElo "2643"]
[BlackElo "2593"]

1.d4 Nf6 2.c4 g6 3.Nc3 Bg7 4.e4 d6 5.Nf3 O-O 6.Be2 e5 7.O-O Nc6 8.d5 Ne7
9.Nd2 a5 10.a3 Nd7 11.Rb1 f5 12.b4 Kh8 13.Qc2 Nf6 14.f3 axb4 15.axb4 c6 16.dxc6 Nxc6
17.Nb5 fxe4 18.Nxe4 Nxe4 19.fxe4 Rxf1+ 20.Bxf1 Nd4 21.Nxd4 exd4 22.Qd3 Be6
23.Bb2 Qb6 24.Rd1 Bxc4 25.Qxd4 Qxd4+ 26.Bxd4 Bxf1 27.Kxf1 Ra4 28.Bxg7+ Kxg7
29.Rd4 Kf7 30.Rxd6 Rxb4 31.Rd7+ Kg8 32.Re7 h5 33.Kf2 Kf8 34.Rc7  1/2-1/2

[Event "4th Comtois It"]
[Site "Belfort FRA"]
[Date "1999.12.21"]
[Round "9"]
[White "Fedorov,A"]
[Black "Ye Jiangchuan"]
[Result "1/2-1/2"]
[WhiteElo "2659"]
[BlackElo "2593"]

1.e4 c5 2.d3 Nc6 3.g3 g6 4.Bg2 Bg7 5.f4 e6 6.Nf3 Nge7 7.O-O O-O 8.c3 b6 9.Na3 d6
10.Be3 h6 11.Qd2 Kh7 12.Rad1 Ba6 13.Rfe1 d5 14.e5 d4 15.cxd4 Nxd4 16.Nxd4 cxd4
17.Bf2 Nf5 18.g4 Ne3 19.Bxe3 dxe3 20.Qxe3 Rc8 21.d4 Qh4 22.Qg3 Qxg3 23.h3 Qxg4
24.hxg4  1/2-1/2

[Event "Sufe Cup"]
[Site "Shanghai CHN"]
[Date "2000.03.04"]
[Round "2"]
[White "Xie Jun"]
[Black "Ye Jiangchuan"]
[Result "1/2-1/2"]
[WhiteElo "2542"]
[BlackElo "2616"]

1.e4 c5 2.Nf3 Nc6 3.d4 cxd4 4.Nxd4 Nf6 5.Nc3 e5 6.Ndb5 d6 7.Bg5 a6 8.Na3 b5
9.Nd5 Be7 10.Bxf6 Bxf6 11.c3 Ne7 12.Nxf6+ gxf6 13.Be2 Bb7 14.Bf3 Qb6 15.Nc2 d5
16.Qe2 Rd8 17.O-O h5 18.Rfd1 f5 19.exf5 e4 20.Bxh5 Qh6 21.g4 Qg5 22.Kh1 Nxf5
23.Nd4 Ng7 24.Qe3 Qxe3 25.fxe3 Nxh5 26.gxh5 Rxh5 27.Rg1 Ke7 28.Raf1 Rdh8
29.Rf2 Bc8 30.Rg7 Rf8 31.Kg1 Rh3 32.Rg3 Rh7 33.Ne2 Rh5  1/2-1/2

[Event "Sufe Cup"]
[Site "Shanghai CHN"]
[Date "2000.03.12"]
[Round "10"]
[White "Wang Lei"]
[Black "Ye Jiangchuan"]
[Result "0-1"]
[WhiteElo "2495"]
[BlackElo "2616"]

1.d4 Nf6 2.c4 g6 3.Nc3 Bg7 4.e4 d6 5.Be2 O-O 6.Bg5 Na6 7.f4 c6 8.Nf3 Nc7
9.Bh4 d5 10.e5 Ne4 11.Nxe4 dxe4 12.Ng5 f6 13.exf6 exf6 14.Nxe4 Ne6 15.d5 cxd5
16.cxd5 Nxf4 17.O-O g5 18.Bc4 Qc7 19.Nd2 Kh8 20.Bf2 b6 21.Rc1 Bb7 22.Bg3 Rad8
23.Bxf4 gxf4 24.Nf3 Qc5+ 25.Qd4 Bxd5 26.Bxd5 Qxd5 27.Qxf4 Qxa2 28.b4 Rd7
29.Nh4 Rfd8 30.Nf5 Qd2 31.Nxg7 Qxf4 32.Rxf4 Kxg7 33.Rcf1 Rf7 34.g4 Kg6 35.Kg2 Rd6
36.Kg3 Re7 37.R1f3 Re2 38.h4 h6 39.Rc4 Red2 40.Rcf4 R2d4 41.Rxd4 Rxd4 42.h5+ Kf7
43.Ra3 Rd7 44.Kf4 Rc7 45.Kf5 a5 46.bxa5 Rc5+ 47.Kf4 bxa5 48.Rb3 Rc7 49.Ra3 Rc4+
50.Kf5 a4 51.Rd3 Rc5+ 52.Ke4 Re5+ 53.Kf4 Ra5 54.Ra3 Ke6 55.Ke4 Kd6 56.Rf3 a3
57.Rxf6+ Ke7  0-1

[Event "Match"]
[Site "Shenyang CHN"]
[Date "2000.04.16"]
[Round "1"]
[White "Ye Jiangchuan"]
[Black "Karpov,An"]
[Result "1/2-1/2"]
[WhiteElo "2616"]
[BlackElo "2696"]

1.e4 c6 2.d4 d5 3.Nd2 dxe4 4.Nxe4 Nd7 5.Nf3 Ngf6 6.Ng3 c5 7.dxc5 e6 8.c6 bxc6
9.Be2 Be7 10.O-O Qb6 11.Rb1 O-O 12.c4 Rd8 13.Qc2 c5 14.Bd2 Bb7 15.Bc3 Bd6
16.Rbe1 Qc7 17.Bd1 Rac8 18.b3 Bxf3 19.Bxf3 Be5 20.Rd1 Bxc3 21.Qxc3 Ne5 22.h3  1/2-1/2

[Event "FIDE World Cup Gp B"]
[Site "Shenyang CHN"]
[Date "2000.08.03"]
[Round "3"]
[White "Short,N"]
[Black "Ye Jiangchuan"]
[Result "0-1"]
[WhiteElo "2677"]
[BlackElo "2670"]

1.e4 c5 2.Nc3 Nc6 3.g3 g6 4.Bg2 Bg7 5.d3 d6 6.Nh3 e5 7.f4 Nge7 8.O-O h6 9.Be3 exf4
10.Nxf4 O-O 11.Qd2 Kh7 12.Rae1 Rb8 13.Ncd5 Nxd5 14.exd5 Ne7 15.Bf2 Nf5 16.Be4 b5
17.g4 Qg5 18.Kh1 Be5 19.gxf5 Bxf4 20.Be3 Bxe3 21.Qxe3 gxf5 22.Bg2 Rg8 23.Bh3 Qxe3
24.Rxe3 Rg5 25.Re7 Kg6 26.Rxa7 b4 27.Rc7 Kf6 28.d4 cxd4 29.Rd1 Ba6 30.Bg2 Be2
31.Rd2 Re8 32.h4 Rg4 33.Rc6 f4 34.Rxd6+ Kg7 35.Rxd4 h5 36.Rb6 f3 37.Rxg4+ hxg4
38.Rxb4 f5 39.d6 Rd8 40.Rd4 Kf6 41.c3 Ke5 42.h5 f4 43.d7 fxg2+ 44.Kxg2 Bf3+
45.Kg1 g3 46.h6 Be4 47.Ra4  0-1

[Event "34th Olympiad"]
[Site "Istanbul TUR"]
[Date "2000.10.29"]
[Round "2"]
[White "Ye Jiangchuan"]
[Black "Sadvakasov,D"]
[Result "1/2-1/2"]
[WhiteElo "2670"]
[BlackElo "2509"]

1.e4 c5 2.Nf3 d6 3.d4 cxd4 4.Nxd4 Nf6 5.Nc3 a6 6.Be3 e5 7.Nb3 Be6 8.f3 h5
9.Qd2 Nbd7 10.O-O-O Rc8 11.Kb1 Be7 12.Nd5 Nxd5 13.exd5 Bf5 14.Bd3 Bxd3 15.Qxd3 Bg5
16.Bf2 O-O 17.h4 Bh6 18.g4 Bf4 19.gxh5 Nf6 20.Qf5 Qd7 21.Nd4 Rcd8 22.c4 Rfe8
23.Rhe1 b5 24.cxb5 Qxf5+ 25.Nxf5 axb5 26.Rd3 Nxh5 27.Rb3 g6 28.Ne3 Rb8 29.Nc2 Nf6
30.Nb4 Rec8 31.Nc6 Rb7 32.a4 Nxd5 33.Na7 Rcb8 34.axb5 Ne7 35.Rd1 d5 36.Bc5 d4
37.Bxe7 Rxa7 38.Bd6 Rc8 39.b6 Rb7 40.Rb5 f6 41.Bc7 Kf7 42.Rc5 Bg3 43.Kc2 e4
44.fxe4  1/2-1/2

[Event "34th Olympiad"]
[Site "Istanbul TUR"]
[Date "2000.10.29"]
[Round "2"]
[White "Ye Jiangchuan"]
[Black "Sadvakasov,D"]
[Result "1/2-1/2"]
[WhiteElo "2670"]
[BlackElo "2509"]

1.e4 c5 2.Nf3 d6 3.d4 cxd4 4.Nxd4 Nf6 5.Nc3 a6 6.Be3 e5 7.Nb3 Be6 8.f3 h5
9.Qd2 Nbd7 10.O-O-O Rc8 11.Kb1 Be7 12.Qd3 Bd5 13.exd5 O-O 14.Bf2 Re8 15.h4 b5
16.Re1 g6 17.Nxb5 axb5 18.a4 Nxd5 19.axb5 Rb8 20.Rd1 Nc5 21.Bxc5 Rc8 22.Bxd6 f6
23.Bc7 Kf7 24.b6 e4 25.fxe4 Bd6 26.Bxd6 Nc7 27.Bxc7  1/2-1/2

[Event "34th Olympiad"]
[Site "Istanbul TUR"]
[Date "2000.10.30"]
[Round "3"]
[White "Kasimdzhanov,R"]
[Black "Ye Jiangchuan"]
[Result "1/2-1/2"]
[WhiteElo "2690"]
[BlackElo "2670"]

1.d4 Nf6 2.c4 g6 3.Nc3 Bg7 4.e4 d6 5.Nf3 O-O 6.Be2 e5 7.O-O Nc6 8.d5 Ne7
9.b4 a5 10.Ba3 b6 11.bxa5 Rxa5 12.Bb4 Ra8 13.a4 Re8 14.Re1 Bf8 15.h3 Bb7
16.Bf1 c5 17.Ba3 Bc8 18.Nb5 Bg7 19.Bb2 Rf8 20.Ra3 Ne8 21.Qa1 Bd7 22.a5 bxa5
23.Bc3 Nc8 24.Bxa5 Qe7 25.Qc1 Rb8 26.Bd2 Rb7 27.Qa1 Bxb5 28.cxb5 Nc7 29.Ra5 Qd7
30.Qa4 Nb6 31.Qa2 Rfb8 32.Rb1 Nc8 33.Qa4 Bf6 34.g4 Nb6 35.Qc2 Nc8 36.Qd3 Bd8
37.Kh2 Ne8 38.Ra2 Nc7 39.Rab2 Nb6 40.Qc2 Ra7 41.g5 Rba8 42.Be3 Ne8 43.Be2 Ra4
44.Nd2 f5 45.gxf6 Nxf6 46.Rg1 Kh8 47.Rg3 Qf7 48.Bg5 Ng4+ 49.hxg4 Bxg5 50.Rf3 Qe7
51.Kh3 Bf4 52.Qc3 Kg7 53.Rb1 Ra2 54.Rb2 R2a4 55.Rb1 Rh8 56.Kg2 Rha8 57.Kh1 Ra3
58.Nb3 h6 59.Rh3 R3a4 60.Nd2 Ra3 61.Nb3 Ra2 62.Nc1 R2a3 63.Nb3 Ra2 64.Nc1 R2a3
65.Nb3  1/2-1/2

[Event "34th Olympiad"]
[Site "Istanbul TUR"]
[Date "2000.11.02"]
[Round "6"]
[White "Ye Jiangchuan"]
[Black "Korchnoi,V"]
[Result "1/2-1/2"]
[WhiteElo "2670"]
[BlackElo "2620"]

1.e4 e6 2.d4 d5 3.Nd2 Nf6 4.e5 Nfd7 5.c3 c5 6.Bd3 b6 7.Nh3 Ba6 8.Bxa6 Nxa6
9.O-O Nc7 10.Nf4 Be7 11.Qg4 g6 12.Re1 c4 13.a4 b5  1/2-1/2